000 00572cam a22002291 4500
001 sa 67006148
003 DLC
005 20260227112404.0
008 890607s1966 ii c 000 0 gujo
010 _asa 67006148
035 _a(OCoLC)19830547
040 _aDLC
_cWaU
_dDLC
042 _apremarc
050 0 0 _aBL1355
_b.J5
100 0 _aJinavijaya,
_cMuni.
245 1 0 _aJaina itihāsanī jhalaka.
260 _c[1966]
300 _a16, 196 p.
_bport.
_c19 cm.
500 _aIn Gujarati.
650 0 _aJainism.
700 1 _aDesāī, Ratilāla Dīpacanda,
_d1907-
999 _c75724
_d75724